[Event "LSS CP-2008-P-00042"]
[Site "LSS email"]
[Date "2008.10.01"]
[Round "?"]
[White "Marczykoski, Paulo Roberto T"]
[Black "Coulombe, Kevin"]
[Result "1-0"]
[WhiteElo "2072"]
[BlackElo "1500"]
[PlyCount "29"]
[EventDate "2008.10.01"]
[EventType "tourn (corr)"]
[EventRounds "6"]
[EventCountry "GER"]
[SourceTitle "Corr 2013"]
[Source "ChessBase"]
[SourceDate "2012.11.12"]
[SourceVersion "1"]
[SourceVersionDate "2012.11.12"]
[SourceQuality "1"]
[WhiteTeam "US of America"]
[BlackTeam "US of America"]
[WhiteTeamCountry "USA"]
[BlackTeamCountry "USA"]

1. e4 c5 2. Nf3 Nc6 3. d4 cxd4 4. Nxd4 e5 5. Nb5 Nf6 6. N1c3 a6 7. Nd6+ Bxd6 8. Qxd6 Qe7 9. Qxe7+ Nxe7 10. Bg5 0-0 11. 0-0-0 b5 12. Rd6 Nc6 13. Bxf6 gxf6 14. Nd5 Kg7 15. Nxf6 1-0

[Event "LSS OP-2008-0-00609"]
[Site "LSS email"]
[Date "2008.08.23"]
[Round "?"]
[White "Aalderink, Gerwin"]
[Black "Coulombe, Kevin"]
[Result "1-0"]
[WhiteElo "2099"]
[BlackElo "1500"]
[PlyCount "67"]
[EventDate "2008.08.21"]
[EventType "tourn (corr)"]
[EventRounds "4"]
[EventCountry "GER"]
[SourceTitle "Corr 2013"]
[Source "ChessBase"]
[SourceDate "2012.11.12"]
[SourceVersion "1"]
[SourceVersionDate "2012.11.12"]
[SourceQuality "1"]

1. Nf3 c5 2. c4 Nc6 3. Nc3 Nf6 4. g3 d5 5. cxd5 Nxd5 6. Bg2 g6 7. 0-0 Bg7 8. Qa4 Nxc3 9. dxc3 0-0 10. Be3 Qb6 11. Qa3 Qa5 12. Qxa5 Nxa5 13. Bxc5 b6 14. Bxe7 Re8 15. Bb4 Bb7 16. Bxa5 bxa5 17. e3 Rab8 18. Nd4 Bxg2 19. Kxg2 Rxb2 20. Rfb1 Rd2 21. Rd1 Rb2 22. Rd3 h5 23. a3 Rd8 24. Rc1 Rb3 25. Nxb3 Rxd3 26. Nd4 Kf8 27. Kf3 Rd2 28. Rb1 Ra2 29. Rb8+ Ke7 30. Rb7+ Kf6 31. Nb5 Rb2 32. c4 a6 33. Rb6+ Ke5 34. Rxa6 1-0